NIC/NIIF transición y adopción en la empresa (Registro nro. 10044)

Detalles MARC
000 - LÍDER
campo de control de longitud fija 01285nam a2200349 i 4500
005 - FECHA Y HORA DE LA ÚLTIMA TRANSACCIÓN
campo de control 20210818181353.0
008 - ELEMENTOS DE DATOS DE LONGITUD FIJA - INFORMACIÓN GENERAL
campo de control de longitud fija 160621s2013 ck d gr 000 0dspa d
020 ## - INTERNATIONAL STANDARD BOOK NUMBER
International Standard Book Number 9789587621204
040 ## - FUENTE DE CATALOGACIÓN
Lenguaje de catalogación spa
Agencia de catalogación original COMFC
Descripción convenciones rda
041 ## - CÓDIGO DE LENGUAJE
Código de idioma de texto / pista de sonido o título separado spa
082 01 - NÚMERO DE CLASIFICACIÓN DECIMAL DEWEY
Número de clasificación 657.32
Número de artículo ES82n
100 1# - ENTRADA PRINCIPAL - NOMBRE PERSONAL
9 (RLIN) 707
Nombre de la persona Estupiñán Gaitán, Rodrigo
Término del Relator aut
245 10 - TÍTULO DECLARACIÓN
Título NIC/NIIF transición y adopción en la empresa
Resto del título implementación por primera vez de las NIIF plenas o full y de la NIIF para las PYMES
Declaración de responsabilidad Rodrigo Estupiñán Gaitán
250 ## - DECLARACIÓN DE EDICIÓN
Sentencia de edición Primera edición
260 ## - PUBLICACIÓN, DISTRIBUCIÓN
Lugar de publicación
264 01 - AVISO DE PRODUCCIÓN, PUBLICACIÓN, DISTRIBUCIÓN, FABRICACIÓN Y DERECHOS DE AUTOR
Lugar de producción Bogotá
Nombre del productor Ediciones de la U
Fecha de producción 2013
300 ## - DESCRIPCIÓN FÍSICA
Alcance 294 páginas
Otros datos físicos gráficas
Dimensiones 24 cm
336 ## - TIPO DE CONTENIDO
Fuente rdacontent
Tipo de contenido txt
337 ## - TIPO DE MEDIO
Fuente rdamedia
Término del tipo de medio n
338 ## - TIPO DE PORTADOR
Fuente rdacarrier
Término del tipo de operador nc
490 ## - DECLARACIÓN EN SERIE
-- 52386
Estado de cuenta de la serie Contabilidad y Finanzas
500 ## - NOTA GENERAL
Nota general Incluye datos biográficos del autor
504 ## - BIBLIOGRAFÍA
Bibliografía Incluye bibliografía
650 #0 - ENTRADA DE SUJETO AÑADIDO - TÉRMINO TÓPICO
9 (RLIN) 14806
Término tópico o elemento de entrada del nombre geográfico Estados Financieros
650 #0 - ENTRADA DE SUJETO AÑADIDO - TÉRMINO TÓPICO
9 (RLIN) 54235
Término tópico o elemento de entrada del nombre geográfico Normas Internacionales de Información Financiera
650 #0 - ENTRADA DE SUJETO AÑADIDO - TÉRMINO TÓPICO
9 (RLIN) 54236
Término tópico o elemento de entrada del nombre geográfico Plan Metodológico
650 #0 - ENTRADA DE SUJETO AÑADIDO - TÉRMINO TÓPICO
9 (RLIN) 54237
Término tópico o elemento de entrada del nombre geográfico Procedimiento para la Conversión
650 #0 - ENTRADA DE SUJETO AÑADIDO - TÉRMINO TÓPICO
9 (RLIN) 54238
Término tópico o elemento de entrada del nombre geográfico Medición Inicial
650 #0 - ENTRADA DE SUJETO AÑADIDO - TÉRMINO TÓPICO
9 (RLIN) 54239
Término tópico o elemento de entrada del nombre geográfico Políticas Contables
650 #0 - ENTRADA DE SUJETO AÑADIDO - TÉRMINO TÓPICO
9 (RLIN) 54240
Término tópico o elemento de entrada del nombre geográfico Adopción de las NIIF
942 ## - ELEMENTOS DE ENTRADA AGREGADOS (KOHA)
Fuente de clasificación o esquema de estanterías Dewey Decimal Classification
Parte de clasificación 657.32 ES82n
Prefijo del número de llamada 657.32
Sufijo del número de llamada ES82n
Existencias
Estado de retirada Pérdida de estatus Fuente de clasificación o esquema de estanterías Estado dañado No para préstamo Código de recogida Ubicación permanente Ubicación actual Ubicación de las estanterías Fecha de adquisición Total de Cajas Número Topográfico Código de barras Precio efectivo desde Número de copia Fecha de la última salida Fecha de la última vez que se vio Tipo de artículo Koha
    Dewey Decimal Classification     General Biblioteca Pública Departamental Comfamiliar Risaralda Biblioteca Pública Departamental Comfamiliar Risaralda Área General 21/06/2016 2 657.32 ES82n COMF0749 18/08/2021 Ej. 1 04/08/2018 29/01/2019 Libro
    Dewey Decimal Classification     General Biblioteca Pública Departamental Comfamiliar Risaralda Biblioteca Pública Departamental Comfamiliar Risaralda Área General 21/06/2016 1 657.32 ES82n COMF0750 18/08/2021 Ej. 2 03/08/2018 29/01/2019 Libro